Illustrated catalogue of Noctuidae in Korea (Lepidoptera) /

Bibliographic Details
Main Author: Kononenko, V. S.
Other Authors: Ahn, Sung-Bok, Ronkay, László
Format: Book
Language:English
Language Notes:Nomenclature and index also in Korean.
Published: [Taedok] Korea : Korea Research Institute of Bioscience and Biotechnology : Center for Insect Systematics, 1998.
Series:Insects of Korea ; ser. 3.
Subjects:

MARC

Tag First Indicator Second Indicator Subfields
LEADER 00000cam a2200000Ia 4500
001 in00002781822
005 20150922114918.0
008 000403s1998 ko ab b 001 0 eng d
020 |a 8988154045 (series) 
020 |a 9788988154045 (series) 
020 |a 8988154053 
020 |a 9788988154052 
035 |a (OCoLC)ocm43759846 
035 |a (OCoLC)43759846 
040 |a FHN  |c FHN  |d YAM  |d CAW  |d CUY  |d TXA  |d UtOrBLW 
041 0 |a eng  |b kor 
043 |a a-ko--- 
049 |a TXAM 
050 4 |a QL561.N7  |b K66 1998 
082 0 4 |a 591.78  |b KON 
100 1 |a Kononenko, V. S. 
245 1 0 |a Illustrated catalogue of Noctuidae in Korea (Lepidoptera) /  |c by Kononenko, V.S., S.B. Ahn, L. Ronkay. 
264 1 |a [Taedok] Korea :  |b Korea Research Institute of Bioscience and Biotechnology :  |b Center for Insect Systematics,  |c 1998. 
300 |a 507 pages :  |b color illustrations, map ;  |c 27 cm. 
336 |a text  |b txt  |2 rdacontent 
337 |a unmediated  |b n  |2 rdamedia 
338 |a volume  |b nc  |2 rdacarrier 
490 1 |a Insects of Korea ;  |v ser. 3 
546 |a Nomenclature and index also in Korean. 
504 |a Includes bibliographical references (pages 407-420) and indexes. 
650 0 |a Noctuidae  |z Korea  |v Classification. 
650 7 |a Noctuidés  |z Corée  |x Identification.  |2 ram 
700 1 |a Ahn, Sung-Bok. 
700 1 |a Ronkay, László. 
776 0 8 |i Online version:  |a Kononenko, V. S.  |t Illustrated catalogue of Noctuidae in Korea (Lepidoptera)  |d [Taedok] Korea : Korea Research Institute of Bioscience and Biotechnology : Center for Insect Systematics, 1998  |w (OCoLC)693741919 
830 0 |a Insects of Korea ;  |v ser. 3. 
948 |a cataloged  |b h  |c 2012/10/29  |d c  |e jolivare  |f 4:17:59 pm 
994 |a C0  |b TXA 
999 |a MARS 
999 f f |s 11068041-45f3-3697-9a1f-b32c0f24eb70  |i fc4c65a5-2ac9-32e3-bd03-da8129dbc0fc  |t 0 
952 f f |p normal  |a Texas A&M University  |b College Station  |c Sterling C. Evans Library  |d Evans: Library Stacks  |t 0  |e QL561.N7 K66 1998  |h Library of Congress classification  |i unmediated -- volume  |m A14841592160 
998 f f |a QL561.N7 K66 1998  |t 0  |l Evans: Library Stacks